Online kereső algoritmusok elemzése

Elmentve itt :
Bibliográfiai részletek
Szerző: Szabó Ferenc
További közreműködők: Imreh Csanád (Témavezető)
Dokumentumtípus: Szakdolgozat
Megjelent: 2014
Tárgyszavak:
Online Access:http://diploma.bibl.u-szeged.hu/54069
LEADER 00750nta a2200181 i 4500
001 dipl54069
005 20220105093049.0
008 151116s2014 hu om 0|| zxx d
040 |a SZTE Diploma Repozitórium  |b hun 
041 |a zxx 
100 1 |a Szabó Ferenc 
245 1 0 |a Online kereső algoritmusok elemzése  |h [elektronikus dokumentum] /  |c Ferenc Szabó 
246 1 0 |a Analysis of online search algorithms  |h [elektronikus dokumentum] 
260 |c 2014 
650 4 |a Természettudományok 
700 1 |a Imreh Csanád  |e ths 
856 4 0 |u http://diploma.bibl.u-szeged.hu/id/eprint/54069/1/2015_Szab%C3%B3_Ferenc_SZFOAAT_SZE_SZ.pdf  |z Dokumentum-elérés  
856 4 0 |u http://diploma.bibl.u-szeged.hu/id/eprint/54069/7/2014_szabo_ferenc_melleklet.tgz  |z Dokumentum-elérés